000 01206nam a22003377a 4500
003 CHAP
005 20220329133622.0
008 971013s1992 r 00010 d
010 _a8625
011 _a9597
035 _a8832
040 _cCHAP
090 _aTesis
100 0 0 _aTrejo Calzada, Ricardo.
_9114744
245 _aCaracterización in vitro de la tolerancia al déficit hídrico y a salinidad en células de Amaranthus hypochondriacus L.
260 _aMontecillo, Méx. :
_bEl autor,
_c1992
300 _a146 h.
_b; gráfs
502 _aTesis (M.C. Esp. en Fisiología Vegetal) -- C.P. Programa de Fisiología Vegetal
590 _aALEPH
_b10
_c20130110
_lUCH01
_h1224
590 _aBATCH-UPD
_b10
_c20130110
_lUCH01
_h0256
590 _aBATCH-UPD
_b10
_c20130110
_lUCH01
_h1840
590 _aBATCH-UPD
_b10
_c20130409
_lUCH01
_h2327
590 _aBATCH-UPD
_b10
_c20130914
_lUCH01
_h0303
590 _aCONVERSION
_b10
_c20130109
_lUCH01
_h1306
650 1 4 _aAmaranto
_xEfecto de las sequías.
_95117
650 1 4 _aPlantas
_xEfecto de la sal.
_988817
901 _aBK
942 _cFOLL
949 _bBC
_cTES
_d-19187
_eTS1
_h25733
_i8832
_mD
_si
949 _bBC
_cTES
_d-19188
_eTS2
_fc.2
_h25734
_i8832
_mD
_si
999 _c8625
_d8625